ZUŠ-ka sa presťahovala

Bibliographic Details
Format: Article
Language:Slovak
PhysicalDescription:Fotogr.
Subjects:

MARC

LEADER 00000nab a2200000 a 4500
001 vtls008986808
003 SK-MaSNL
005 20260304000333.0
008 070507 2007 xo w n 000 0 slo
015 |a SLLK2007  |2 sllk 
038 |a SLLK 
040 |a SLLK  |b slo  |c sllk  |e AACR2 
041 0 |a slo 
044 |a xo  |c SK 
080 |a 371.62  |2 1997 
245 0 0 |a ZUŠ-ka sa presťahovala  |c Text a foto (eo) 
300 |b Fotogr. 
610 2 7 |a Základná umelecká škola (Stará Ľubovňa, Slovensko)  |2 snkbucl  |9 646116 
648 7 |a 2007  |2 snkbucl  |9 313226 
650 0 7 |a školské budovy  |2 snkbucl  |9 2986 
651 7 |a Stará Ľubovňa (Slovensko)  |2 snkbucl  |9 19193 
773 0 |t Ľubovnianske noviny  |g Roč. XXXIII, č. 16 (2007), s. 1 
852 |a SLLK  |b KIS3GCP 
999 |c 2530813  |d 2532743